中国声母d开头的城市(城市点位地图版) - Statistics

General Stats
  • This quiz has been taken 13 times
  • The average score is 27 of 37
Answers on the Map
Answers color-coded by a green-red scale on the quiz's map according to % correct below.
 
Answer Stats
省级行政区 城市 % Correct
山西省 大同市
100%
辽宁省 大连市
100%
山东省 东营市
100%
山东省 德州市
100%
河北省 定州市
92%
辽宁省 丹东市
92%
黑龙江省 大庆市
92%
海南省 儋州市
92%
海南省 东方市
92%
青海省 德令哈市
92%
江苏省 丹阳市
83%
河南省 邓州市
83%
湖北省 丹江口市
83%
广东省 东莞市
83%
四川省 德阳市
83%
四川省 达州市
83%
甘肃省 敦煌市
83%
江苏省 东台市
75%
浙江省 东阳市
75%
河南省 登封市
75%
贵州省 都匀市
75%
云南省 大理市
75%
甘肃省 定西市
75%
辽宁省 东港市
67%
广西壮族自治区 东兴市
67%
辽宁省 大石桥市
58%
吉林省 德惠市
58%
吉林省 敦化市
58%
黑龙江省 东宁市
58%
湖北省 大冶市
58%
四川省 都江堰市
58%
辽宁省 灯塔市
50%
辽宁省 调兵山市
50%
湖北省 当阳市
50%
江西省 德兴市
42%
吉林省 大安市
33%
台湾省 斗六市
17%
No matching quizzes found
Score Distribution
Percent of People with Each Score
Percentile by Number Answered
Your Score History
You have not taken this quiz